| 000 | 00649nam a2200181Ia 4500 | ||
|---|---|---|---|
| 008 | 100920s9999 xx 000 0 und d | ||
| 082 |
_b60150 _a891.43 थ 92 |
||
| 100 | _aअनु. रीनादास. /देवी महाश्वेता. | ||
| 245 | _aश्री गणेश महिमा. | ||
| 260 |
_bराधाकृष्ण प्रकाशन,दिल्ली. _c1992 |
||
| 300 |
_a176 _bसाधी |
||
| 365 | _b45 | ||
| 520 | _aहिंदी. | ||
| 630 | _aश्री गणेश महिमा. | ||
| 650 | _aहिंदी. | ||
| 730 | _aश्री गणेश महिमा. | ||
| 942 | _cBOOK | ||
| 999 |
_c703458 _d703455 |
||